[Event "2024 National Middle School Championship"]
[Site "Atlanta, Georgia, United States"]
[Date "2024.05.11"]
[Round "3.19"]
[White "Ramireddy, Abhinav"]
[Black "Jackson, Kate"]
[Result "0-1"]
[TimeControl "G/90;d10"]
[WhiteElo "897"]
[BlackElo "799"]

1. c4 {[%clk 01:30:00]} {[%emt 00:00:01]} Nf6 {[%emt 00:00:03]} 2. Nc3 {[%emt
00:00:22]} g6 {[%clk 01:29:32]} {[%emt 00:00:13]} 3. g3 {[%clk 01:29:47]}
{[%emt 00:00:24]} Bg7 {[%clk 01:29:15]} {[%emt 00:00:28]} 4. Bg2 {[%clk
01:29:34]} {[%emt 00:00:23]} O-O {[%clk 01:28:23]} {[%emt 00:01:01]} 5. e3
{[%clk 01:29:34]} {[%emt 00:00:10]} Nc6 {[%clk 01:27:38]} {[%emt 00:00:55]} 6.
Nge2 {[%clk 01:29:17]} {[%emt 00:00:27]} d6 {[%clk 01:24:45]} {[%emt 00:03:04]}
7. O-O {[%clk 01:28:17]} {[%emt 00:01:09]} e6 {[%clk 01:22:28]} {[%emt
00:02:27]} 8. d4 {[%clk 01:25:14]} {[%emt 00:03:13]} d5 {[%clk 01:20:29]}
{[%emt 00:02:09]} 9. cxd5 {[%clk 01:24:29]} {[%emt 00:00:55]} Nxd5 {[%clk
01:20:00]} {[%emt 00:00:39]} 10. Nxd5 {[%clk 01:23:53]} {[%emt 00:00:46]} exd5
{[%clk 01:20:00]} {[%emt 00:00:10]} 11. Bd2 {[%clk 01:22:56]} {[%emt 00:01:08]}
Ne7 {[%clk 01:17:26]} {[%emt 00:02:44]} 12. Bb4 {[%clk 01:21:08]} {[%emt
00:01:58]} Re8 {[%clk 01:15:44]} {[%emt 00:01:51]} 13. Nf4 {[%clk 01:20:25]}
{[%emt 00:00:54]} Rb8 {[%clk 01:13:39]} {[%emt 00:02:15]} 14. Rc1 {[%clk
01:20:06]} {[%emt 00:00:28]} c6 {[%clk 01:11:54]} {[%emt 00:01:55]} 15. h4
{[%clk 01:17:40]} {[%emt 00:02:36]} h5 {[%clk 01:07:25]} {[%emt 00:04:38]} 16.
Bc5 {[%clk 01:16:33]} {[%emt 00:01:18]} a5 {[%clk 01:02:35]} {[%emt 00:05:00]}
17. e4 {[%clk 01:14:45]} {[%emt 00:01:58]} dxe4 {[%clk 01:00:13]} {[%emt
00:02:32]} 18. Bxe4 {[%clk 01:14:43]} {[%emt 00:00:12]} Nf5 {[%clk 00:58:35]}
{[%emt 00:01:48]} 19. Qd3 {[%clk 01:10:45]} {[%emt 00:04:08]} b6 {[%clk
00:56:03]} {[%emt 00:02:42]} 20. Ba3 {[%clk 01:09:40]} {[%emt 00:01:15]} Qxd4
{[%emt 00:03:08]} 21. Bxc6 {[%clk 01:07:13]} {[%emt 00:02:34]} Qxd3 {[%clk
00:51:53]} {[%emt 00:01:25]} 22. Nxd3 {[%clk 01:07:09]} {[%emt 00:00:13]} Rd8
{[%clk 00:50:37]} {[%emt 00:01:27]} 23. Rfd1 {[%clk 01:04:52]} {[%emt
00:02:26]} Nd4 {[%clk 00:47:56]} {[%emt 00:02:52]} 24. Rd2 {[%clk 01:00:42]}
{[%emt 00:04:21]} Nxc6 {[%clk 00:45:22]} {[%emt 00:02:43]} 25. Rxc6 {[%clk
01:00:22]} {[%emt 00:00:30]} Bh6 {[%clk 00:43:22]} {[%emt 00:02:09]} 26. Rd6
{[%clk 00:58:59]} {[%emt 00:01:35]} Bf5 {[%clk 00:40:10]} {[%emt 00:03:21]} 27.
Nf4 {[%clk 00:58:35]} {[%emt 00:00:34]} Rxd6 {[%clk 00:38:42]} {[%emt
00:01:37]} 28. Rxd6 {[%clk 00:58:34]} {[%emt 00:00:12]} b5 {[%clk 00:36:48]}
{[%emt 00:02:04]} 29. Nd5 {[%clk 00:58:14]} {[%emt 00:00:30]} b4 {[%clk
00:35:28]} {[%emt 00:01:30]} 30. Ne7+ {[%clk 00:57:33]} {[%emt 00:00:51]} Kg7
{[%clk 00:34:24]} {[%emt 00:01:14]} 31. Nc6 {[%clk 00:55:57]} {[%emt 00:01:46]}
Ra8 {[%clk 00:33:17]} {[%emt 00:01:18]} 32. Nxb4 {[%clk 00:55:39]} {[%emt
00:00:28]} axb4 {[%clk 00:33:07]} {[%emt 00:00:19]} 33. Bxb4 {[%clk 00:55:39]}
{[%emt 00:00:08]} Rxa2 {[%clk 00:32:47]} {[%emt 00:00:31]} 34. Bc3+ {[%clk
00:55:28]} {[%emt 00:00:20]} Kh7 {[%clk 00:32:36]} {[%emt 00:00:21]} 35. Rd8
{[%clk 00:55:28]} {[%emt 00:00:09]} Bg7 {[%clk 00:31:25]} {[%emt 00:01:20]} 36.
Kg2 {[%clk 00:53:12]} {[%emt 00:02:26]} Bxc3 {[%clk 00:31:15]} {[%emt
00:00:21]} 37. bxc3 {[%clk 00:53:09]} {[%emt 00:00:11]} Be4+ {[%clk 00:31:03]}
{[%emt 00:00:23]} 38. Kf1 {[%clk 00:52:24]} {[%emt 00:00:55]} Rc2 {[%clk
00:30:21]} {[%emt 00:00:52]} 39. Rc8 {[%clk 00:52:15]} {[%emt 00:00:19]} Bd5
{[%clk 00:28:21]} {[%emt 00:02:10]} 40. f4 {[%clk 00:52:11]} {[%emt 00:00:15]}
f6 {[%clk 00:27:45]} {[%emt 00:00:46]} 41. Rc7+ {[%clk 00:52:07]} {[%emt
00:00:14]} Kh6 {[%clk 00:27:25]} {[%emt 00:00:29]} 42. Rc5 {[%clk 00:52:05]}
{[%emt 00:00:12]} Bg2+ {[%clk 00:27:00]} {[%emt 00:00:35]} 43. Ke1 {[%clk
00:52:05]} {[%emt 00:00:10]} Bf3 {[%clk 00:26:02]} {[%emt 00:01:08]} 44. f5
{[%clk 00:51:54]} {[%emt 00:00:21]} g5 {[%clk 00:25:38]} {[%emt 00:00:34]} 45.
hxg5+ {[%clk 00:51:54]} {[%emt 00:00:10]} Kxg5 {[%clk 00:25:38]} {[%emt
00:00:05]} 46. c4 {[%clk 00:51:54]} {[%emt 00:00:05]} Kg4 {[%clk 00:25:11]}
{[%emt 00:00:37]} 47. Rc8 {[%clk 00:51:54]} {[%emt 00:00:03]} Kxg3 {[%clk
00:24:55]} {[%emt 00:00:25]} 48. Rf8 {[%clk 00:51:52]} {[%emt 00:00:12]} h4
{[%clk 00:24:25]} {[%emt 00:00:40]} 49. Rxf6 {[%clk 00:51:52]} {[%emt
00:00:02]} h3 {[%clk 00:24:15]} {[%emt 00:00:21]} 50. Rg6+ {[%clk 00:51:52]}
{[%emt 00:00:03]} Bg4 {[%clk 00:23:43]} {[%emt 00:00:41]} 51. f6 {[%clk
00:51:52]} {[%emt 00:00:04]} h2 {[%clk 00:23:32]} {[%emt 00:00:21]} 52. Rh6
{[%clk 00:51:52]} Be6 {[%clk 00:21:34]} {[%emt 00:02:07]} 53. Rg6+ {[%clk
00:51:52]} {[%emt 00:00:07]} Kf3 {[%clk 00:21:18]} {[%emt 00:00:26]} 54. Rh6
{[%clk 00:51:44]} {[%emt 00:00:18]} Ke3 {[%clk 00:20:32]} {[%emt 00:00:55]} 55.
c5 {[%clk 00:51:44]} {[%emt 00:00:04]} Rc1# {[%emt 00:00:33]} 0-1